Database management system : (Record no. 147684)

MARC details
000 -LEADER
fixed length control field 00734nam a22002177a 4500
005 - DATE AND TIME OF LATEST TRANSACTION
control field 20171123113106.0
010 ## - LCCN (DPL NO)
LC control number ENG-121570
020 ## - INTERNATIONAL STANDARD BOOK NUMBER
International Standard Book Number 9789325984370
Terms of availability 280.00
035 ## - SYSTEM CONTROL NUMBER
System control number EN-105102
037 ## - SOURCE OF ACQUISITION
Source of stock number/acquisition DBAD/PUB
082 ## - DEWEY DECIMAL CLASSIFICATION NUMBER
Classification number 005.74
100 ## - MAIN ENTRY--PERSONAL NAME
Personal name Hamdare, Safa
245 ## - TITLE STATEMENT
Title Database management system :
Remainder of title (as per iv semester computer engineering syllabus of University of Mumbai ) /
Statement of responsibility, etc by Safa Hamdare, Bhavesh Pandya [and] Asim Kumar Sen
260 ## - PUBLICATION, DISTRIBUTION, ETC. (IMPRINT)
Place of publication, distribution, etc Noida
Name of publisher, distributor, etc Vikas Publishing House
Date of publication, distribution, etc 2015
270 ## - ADDRESS
Address E-28, Sector-8,
City Noida(up)
Postal code 201301
300 ## - PHYSICAL DESCRIPTION
Extent xiv,306p.
Dimensions 25cm(pbk)
505 ## - FORMATTED CONTENTS NOTE
Formatted contents note Subject code : cec404
700 ## - ADDED ENTRY--PERSONAL NAME
Personal name Pandya, Bhavesh
700 ## - ADDED ENTRY--PERSONAL NAME
Personal name Sen, Asim Kumar
942 ## - ADDED ENTRY ELEMENTS (KOHA)
Source of classification or shelving scheme Dewey Decimal Classification
Item type English Books
Classification part 005.74
Call number suffix HAM
Holdings
Withdrawn status Lost status Not for loan Collection code Home library Current library Date acquired Source of acquisition Cost, normal purchase price Full call number Barcode Copy number Cost, replacement price Koha item type
      Non-fiction Ashok Vihar Ashok Vihar 22/11/2017 DBAD/PUB 280.00 005.74 HAM EN-105102 1 280.00 English Books

© Delhi Public Library
Hit Counter
free hit counter